Регионална библиотека "Любен Каравелов" - Русе

Животът на Клим Самгин. Четиридесет години (Запис номер 183014)

MARC детайли
000 -Лидер
Контролно поле с фиксирана дължина 01704nam a2200337 a 4500
005 - Дата и час на последна редакция
Контролно поле 20240612151345.0
008 - Елементи от данни с фиксирана дължина
fixed length control field 180411b bul|||||r ||||||| ||bul||
040 ## - Източник на каталожния запис
Идентификатор на билиотеката - собственик на записа BLK
041 ## - Код за език
Код за езика на текст/звукозапис или на отделно заглавие Български
Код за езика КДБФ Български
080 ## - УДК
Текстов определител УДК Руска литература
УДК код - определител по УДК 821.161.1
УДК определител -31
УДК - код + определител 821.161.1-31
100 1# - Редна дума - Автор
Автор Горки, Максим
Дати, свързани с автора 1868-1936
Автор - информация (биография) писател
Пълна форма на името Пешков, Алексей Максимович
Авторска отговорност първи автор
R(LIN) 55187
139 ## - Редно поле
Редна дума Горки, Максим
Авторски знак Горк - Г 68
245 10 - Сведения за заглавието
Заглавие Животът на Клим Самгин. Четиридесет години
Подзаглавни данни Роман : Т. І - ІІ
Редно поле (дума) Максим Горки ; прев. от рус. Катя Койчева ; с предг. от Симеон Правчанов.
Том Т. ІІ
Заглавие на том Ч. 3-4
257 ## - Страна на издаване
Страна на създаване/издаване СССР
260 ## - Област на издателските данни
Място на издаване, разпространение и проч. София
Име на издателя, разпространителя и проч. Нар. култура
Година на издаване 1972
300 ## - Физическа характеристика
Страници 23 см
380 ## - Жанр
Жанр Худож. лит.
490 ## - СЕРИИ (Колекции)
Име на серия Библиотека Световна класика
9 (RLIN) 201621
500 ## - Общи забележки
Забележка Максим Горки - псевд. на Алексей Максимович Пешков. - Ориг. загл. Жизнь Клима Самгина. - 40 100 тир.
700 ## - Други автори (авторска отговорност)
Лично име Койчева, Катя Атанасова
Дати, свързани с автора 1926 - 1993
Друга информация Преводач от руски език
9 (RLIN) 281153
700 1# - Други автори (авторска отговорност)
Лично име Правчанов, Симеон
Автороска отговорност (Описва отношението между автора и произведението) с предг. от
9 (RLIN) 112778
700 1# - Други автори (авторска отговорност)
Лично име Пешков, Алексей Максимович
Автороска отговорност (Описва отношението между автора и произведението) *
9 (RLIN) 368201
760 1# - Описание на основната серия
Редна дума на основното описание Горки, Максим
Място на издаване, издател и година 1972
Страници - том 952 с.
Заглавие Т. ІІ Ч. 3-4
852 ## - Местоположение
Форматна сигнатура Цб 64175
Фондова буква Хранилище
856 4# - Електронен адрес и достъп
Електронен формат pdf - файл
856 4# - Електронен адрес и достъп
Електронен формат pdf - файл
999 ## - СИСТЕМНИ КОНТРОЛНИ НОМЕРА
Koha biblionumber 183014
Koha biblioitemnumber 183014
942 ## - АРТИКУЛИ
Вид на библиотечния материал Книги
Скрит в OPAC Не
Koha issues (borrowed), all copies 2
Периодичен библиозапис Да
944 ## - СЪЗДАВАНЕ И РЕДАКЦИЯ на ЗАПИСА
Създаване/Редакция Създаване
Дата на регистрацията/редакция 07.10.2016
Служител, извършил регистрацията/редакцията 30560
Статус, дата на статуса Геновева Генчева
944 ## - СЪЗДАВАНЕ И РЕДАКЦИЯ на ЗАПИСА
Създаване/Редакция Редакция
Дата на регистрацията/редакция 2022-07-22
Служител, извършил регистрацията/редакцията Кети
999 ## - СИСТЕМНИ КОНТРОЛНИ НОМЕРА
Koha biblioitemnumber 183014
Наличности
Код за отписване Код за изгубен артикул Източник на класификационната схема Код за повреда Коз за рестрикции Код за отдаване Артикулен № Име на библиотеката - собственик Име на библиотеката, в която се намира в момента Статус (Текущо местоположение) Дата на вписване в системата Местоположение - отдел Цена в лева Инвентарен номер Систематично азбучна сигнатура Баркод Номер на екземпляра Цена в евро Служебна бележка Служебен тип на артикула Бележка за публиката
  Не е изгубен Universal Decimal Classification Не е повреден само за читалня ползва се в читалня 315084 Регионална библиотека "Любен Каравелов" Русе Регионална библиотека "Любен Каравелов" Русе Хранилище 1972-01-01 Хранилище 3.88 125952 Цб 64175 120000125952 1 1.98 Дост: Dp Вид: Д N: стар фонд Дата: 01.01.1972 Книги  
Изтеглен Не е изгубен   Не е повреден без рестрикции заемане за дома 315085 Регионална библиотека "Любен Каравелов" Русе Регионална библиотека "Любен Каравелов" Русе   1972-01-01 Заемна - подръчен фонд 3.88 123304 П 882-31/Г 68 123304 2 1.98 Дост: Pk Вид: Ф N: стар фонд Дата: 01.01.1972 Книги Отч.N: 28/2018 , Дата: 28.03.2018
  Не е изгубен Universal Decimal Classification Не е повреден без рестрикции заемане за дома 315086 Регионална библиотека "Любен Каравелов" Русе Регионална библиотека "Любен Каравелов" Русе Заемна - подръчен фонд 1972-01-01 Заемна - подръчен фонд 3.88 123306 П 882-31/Г 68 120000123306 3 1.98 Дост: Pk Вид: Ф N: стар фонд Дата: 01.01.1972 Дата инв: 09.02.2018 Бележки инв: П2018 Книги  
Изтеглен Не е изгубен   Не е повреден без рестрикции заемане за дома 315087 Регионална библиотека "Любен Каравелов" Русе Регионална библиотека "Любен Каравелов" Русе   1972-01-01 Заемна - подръчен фонд 3.88 123308 П 882-31/Г 68 123308 4 1.98 Дост: Pk Вид: Ф N: стар фонд Дата: 01.01.1972 Книги Отч.N: 28/2018 , Дата: 28.03.2018
Изтеглен Не е изгубен   Не е повреден без рестрикции заемане за дома 315088 Регионална библиотека "Любен Каравелов" Русе Регионална библиотека "Любен Каравелов" Русе   1972-01-01 Заемна - подръчен фонд 3.88 123313 П 882-31/Г 68 123313 5 1.98 Дост: Pk Вид: Ф N: стар фонд Дата: 01.01.1972 Книги Отч.N: 11/2018 , Дата: 02.02.2018
Vip Innovations Ltd, Rousse, Bulgaria 2025